000 00427nam a2200181Ia 4500
008 210210b1921 xxu||||| |||| 00| 0 eng d
041 _aeng
082 _a823/353
100 _aSHAKESPEARE (William)
245 _aMerry wives of windsor
260 _aCambridge
_bAt the University Press
_c1921
650 _awives
650 _awindsor
650 _aof
650 _aMerry
690 _aEnglish Drama
906 _a013897
999 _c132966
_d132966